The culture of AIDS in Africa (Record no. 97272)

MARC details
000 -LEADER
campo de control de longitud fija 01900nam a2200481 i 4500
001 - NÚMERO DE CONTROL
campo de control MOR01000097599
003 - IDENTIFICADOR DE NÚMERO DE CONTROL
campo de control $$amxdfmo
005 - FECHA Y HORA DE LA ÚLTIMA TRANSACCIÓN
campo de control 20260331150023.0
008 - DATOS DE LONGITUD FIJA--INFORMACIÓN GENERAL
campo de control de longitud fija 130807c2011 xxua grbi 001 0 eng d
020 ## - NÚMERO INTERNACIONAL ESTÁNDAR DEL LIBRO
Número Internacional Estándar del Libro 9780199744473
035 ## - NÚMERO DE CONTROL DEL SISTEMA
Número de control de sistema 131876
040 ## - FUENTE DE CATALOGACIÓN
Centro catalogador/agencia de origen mxcmmo
Lengua de catalogación spa
Centro/agencia transcriptor mxcmmo
Normas de descripción rda
041 0# - CÓDIGO DE IDIOMA
Código de lengua del texto/banda sonora o título independiente eng
043 ## - CÓDIGO DE ÁREA GEOGRÁFICA
Código de área geográfica f------
045 ## - PERIODO DE TIEMPO DEL CONTENIDO
Código de periodo de tiempo x9y1
082 04 - NÚMERO DE LA CLASIFICACIÓN DECIMAL DEWEY
Número de clasificación 784.683621042
Número de ítem CUL.h
245 04 - MENCIÓN DEL TÍTULO
Título The culture of AIDS in Africa
Resto del título : hope and healing in music and the arts/
Mención de responsabilidad, etc. edited by Gregory Barz y Judah M. Cohen ; John Zaritsky [y otros]
264 #1 - PRODUCCIÓN, PUBLICACIÓN, DISTRIBUCIÓN, FABRICACIÓN Y COPYRIGHT
Producción, publicación, distribución, fabricación y copyright Nueva York:
Nombre del de productor, editor, distribuidor, fabricante Oxford University Press,
Fecha de producción, publicación, distribución, fabricación o copyright [fecha de publicación no identificada]
264 #4 - PRODUCCIÓN, PUBLICACIÓN, DISTRIBUCIÓN, FABRICACIÓN Y COPYRIGHT
Producción, publicación, distribución, fabricación y copyright ©2011
300 ## - DESCRIPCIÓN FÍSICA
Extensión 500 páginas:
Otras características físicas ilustraciones, fotos;
Dimensiones 26 cm
336 ## - TIPO DE CONTENIDO
Término de tipo de contenido texto
Código de tipo de contenido txt
Fuente rdacontent
337 ## - TIPO DE MEDIO
Nombre/término del tipo de medio sin medio
Código del tipo de medio n
Fuente rdamedia
338 ## - TIPO DE SOPORTE
Nombre/término del tipo de soporte volumen
Código del tipo de soporte nc
Fuente rdacarrier
504 ## - NOTA DE BIBLIOGRAFÍA, ETC.
Nota de bibliografía, etc. Nota Incluye referencias bibliográficas (páginas 437-468)
650 #7 - PUNTO DE ACCESO ADICIONAL DE MATERIA--TÉRMINO DE MATERIA
Término de materia o nombre geográfico como elemento de entrada Música
Subdivisión geográfica Africa
Subdivisión general Aspectos sociales
-- Historia y crítica
-- Alocuciones, ensayos, conferencias
9 (RLIN) 170553
650 #7 - PUNTO DE ACCESO ADICIONAL DE MATERIA--TÉRMINO DE MATERIA
Término de materia o nombre geográfico como elemento de entrada SIDA (Enfermedad)
Subdivisión geográfica África
Subdivisión general Aspectos artísticos
-- Alocuciones, ensayos, conferencias
9 (RLIN) 170554
650 #7 - PUNTO DE ACCESO ADICIONAL DE MATERIA--TÉRMINO DE MATERIA
Término de materia o nombre geográfico como elemento de entrada SIDA (Enfermedad)
Subdivisión geográfica África
Subdivisión general Aspectos sociales
-- Alocuciones, ensayos, conferencias
9 (RLIN) 170555
700 1# - ENTRADA AGREGADA--NOMBRE PERSONAL
Nombre de persona Barz, Gregory
Término indicativo de función/relación editor
9 (RLIN) 170556
700 1# - ENTRADA AGREGADA--NOMBRE PERSONAL
Nombre de persona Cohen, Judah M.
Término indicativo de función/relación editor
9 (RLIN) 170557
700 1# - ENTRADA AGREGADA--NOMBRE PERSONAL
Nombre de persona Zaritsky, John
Término indicativo de función/relación autor
9 (RLIN) 170558
710 2# - ENTRADA AGREGADA--NOMBRE DE ENTIDAD CORPORATIVA
Nombre de entidad corporativa o nombre de jurisdicción como elemento de entrada Oxford University
9 (RLIN) 712
900 ## - ELEMENTOS DE DATOS A LOCAL, LDA (RLIN)
Nombre de persona DIAQUE
Numeración 30
Títulos y otros términos asociados al nombre 20130906
Lenguaje de la obra MOR01
-- 1255
900 ## - ELEMENTOS DE DATOS A LOCAL, LDA (RLIN)
Nombre de persona DIAQUE
Numeración 30
Títulos y otros términos asociados al nombre 20130906
Lenguaje de la obra MOR01
-- 1257
900 ## - ELEMENTOS DE DATOS A LOCAL, LDA (RLIN)
Nombre de persona DIAQUE
Numeración 30
Títulos y otros términos asociados al nombre 20130906
Lenguaje de la obra MOR01
-- 1301
900 ## - ELEMENTOS DE DATOS A LOCAL, LDA (RLIN)
Nombre de persona KLASY
Numeración 30
Títulos y otros términos asociados al nombre 20130912
Lenguaje de la obra MOR01
-- 1037
900 ## - ELEMENTOS DE DATOS A LOCAL, LDA (RLIN)
Nombre de persona LUIS
Numeración 02
Títulos y otros términos asociados al nombre 20130807
Lenguaje de la obra MOR01
-- 1138
900 ## - ELEMENTOS DE DATOS A LOCAL, LDA (RLIN)
Nombre de persona LUIS
Numeración 02
Títulos y otros términos asociados al nombre 20130807
Lenguaje de la obra MOR01
-- 1138
900 ## - ELEMENTOS DE DATOS A LOCAL, LDA (RLIN)
Nombre de persona MARC21
Numeración 40
Títulos y otros términos asociados al nombre 20190805
Lenguaje de la obra MOR01
-- 1138
900 ## - ELEMENTOS DE DATOS A LOCAL, LDA (RLIN)
Nombre de persona MARC21
Numeración 40
Títulos y otros términos asociados al nombre 20190805
Lenguaje de la obra MOR01
-- 1139
900 ## - ELEMENTOS DE DATOS A LOCAL, LDA (RLIN)
Nombre de persona VOBO
Numeración 40
Títulos y otros términos asociados al nombre 20130924
Lenguaje de la obra MOR01
-- 1553
904 ## - ELEMENTOS DE DATOS D LOCAL, LDD (RLIN)
a UPDATE
942 ## - ELEMENTOS DE ENTRADA SECUNDARIOS (KOHA)
Código de la institución [OBSOLETO] BK
901 ## - ELEMENTOS DE DATOS A LOCAL LDA (RLIN)
a batch batch
Holdings
Estatus retirado Estado de pérdida Fuente del sistema de clasificación o colocación Estado de daño No para préstamo Colección Biblioteca de origen Biblioteca actual Ubicación en estantería Fecha de adquisición Fuente de adquisición Número de inventario Total de préstamos Signatura topográfica completa Código de barras Visto por última vez Precio de reemplazo Tipo de ítem Koha
    Clasificación Decimal Dewey     Libros (General) Biblioteca Instituto Mora Biblioteca Instituto Mora Regular 06/09/2013   124152   (G)/784.683621042 CUL.h 33068001299476 03/09/2024 03/09/2024 Libro préstamo regular